| 000 | 00927nam a22002297a 4500 | ||
|---|---|---|---|
| 999 |
_c7064 _d7064 |
||
| 003 | AR-CdUCM | ||
| 008 | 190319b ||||| |||| 00| 0 spa d | ||
| 040 |
_aMUNICIPALIDAD PROVINCIAL DEL CUSCO _cBIBLIOTECA MUNICIPAL DEL CUSCO |
||
| 041 | _heng | ||
| 082 |
_a657.01 / _bSA17 |
||
| 100 |
_aSalmonson, Roland Frnak, _919892 |
||
| 245 | _aTeoría básica de la contabilidad finaciera / | ||
| 260 |
_aMéxico, D.F : _b Herrero Hermanos Sucesores, _c1971. |
||
| 300 |
_a190 paginas , _c 21 cm. |
||
| 500 | _aTitulo original de la obra : Basic financial accounting theory | ||
| 505 | _aCarácter, usos y atributos de la teoría contable -- Fuentes de la teoría contable -- Conceptos básicos -- Conceptos de la utilidad -- Ingresos y gastos... | ||
| 650 |
_aEstudio contable _919893 |
||
| 650 |
_aContabilidad financiera _919894 |
||
| 700 |
_aPalazón B., Ramón (Traductor) _919895 |
||
| 942 |
_2ddc _cLIBROS |
||
| 945 | _awnts | ||